000 00768 a2200181 4500
005 20151124101229.0
008 141212b xxu||||| |||| 00| 0 spa d
040 _cCO-BoIH
_aCO-BoIAVH
041 _aspa
044 _ack
082 _aIAVH
_b00059
100 _aGómez Bernal , Luis Germán
_94252
245 _aPrograma para la recuperación y protección del cóndor andino en Colombia
_bArtículos de Prensa
260 _aBogotá
_bInstituto Alexander von Humbol
_bConservación Internacional
_c1997
300 _a42 p.
773 0 _aGOm̤ez Bernal , Luis Germaǹ
_dBogotá Instituto Alexander von Humboldt Conservacin̤ Internacional Fundacin̤ Biocolombia 1997
_tPrograma para la recuperación̤ y protección̤ del con̤dor andino en Colombia
942 _2z
_cINFORME
999 _c8882
_d8882